| 000 | 004370000a22001810004500 | ||
|---|---|---|---|
| 003 | MACL | ||
| 005 | 20150826155359.0 | ||
| 008 | 150826b xxu||||| |||| 00| 0 eng d | ||
| 040 |
_aMACL _cMACL |
||
| 041 | _aEnglish | ||
| 082 | _a782/MIS | ||
| 100 |
_aMishra, Mahendra K. _97651 |
||
| 245 | _aFolksongs Of Kalahandi | ||
| 260 |
_bMayur Publication _c1989 _aBhubaneswar |
||
| 350 | _a40 | ||
| 650 |
_aMusic _97652 |
||
| 942 |
_cBK _k782 _2ddc |
||
| 999 |
_c3379 _d3379 |
||